| 000 | 00664nam a22002177a 4500 | ||
|---|---|---|---|
| 999 |
_c10055 _d10055 |
||
| 003 | AR-CdUCM | ||
| 008 | 190329b ||||| |||| 00| 0 spa d | ||
| 020 | _a978-607-16-2360-7 | ||
| 040 |
_aMUNICIPALIDAD PROVINCIAL DEL CUSCO _cBIBLIOTECA MUNICIPAL DEL CUSCO |
||
| 041 | _hspa | ||
| 082 |
_aEP / 800 _bP45 |
||
| 100 |
_aSánchez, Bianca Estela _926684 |
||
| 245 | _aLa artesana de las nubes / | ||
| 260 |
_aMéxico : _bFondo de Cultura Económica, _c2014. |
||
| 300 |
_bIlustraciones. _c25 cm. |
||
| 500 | _aPáginas sin numeración | ||
| 650 |
_aLiteratura infantil _9588 |
||
| 650 |
_aSiglo XXI _92856 |
||
| 942 |
_2ddc _cLIBROS |
||
| 945 |
_apjha _d2019-05-14 |
||